ओलंपिक / (Record no. 111602)

MARC details
000 -LEADER
fixed length control field 01022nam a22002777a 4500
003 - CONTROL NUMBER IDENTIFIER
control field dpl
005 - DATE AND TIME OF LATEST TRANSACTION
control field 20190301152004.0
008 - FIXED-LENGTH DATA ELEMENTS--GENERAL INFORMATION
fixed length control field 190301b ||||| |||| 00| 0 eng d
010 ## - LIBRARY OF CONGRESS CONTROL NUMBER
LC control number A-983740
020 ## - INTERNATIONAL STANDARD BOOK NUMBER
Terms of availability 200.00
International Standard Book Number 817016169
035 ## - SYSTEM CONTROL NUMBER
System control number A-983740, A-672554, A-983746
037 ## - SOURCE OF ACQUISITION
Source of stock number/acquisition Cen Lib/Ret
040 ## - CATALOGING SOURCE
Original cataloging agency DPL
Language of cataloging HN
Transcribing agency 0
082 ## - DEWEY DECIMAL CLASSIFICATION NUMBER
Classification number 796.48
Item number भल्ला
100 ## - MAIN ENTRY--PERSONAL NAME
Personal name भल्ला, अजय
9 (RLIN) 5680
245 ## - TITLE STATEMENT
Title ओलंपिक /
Statement of responsibility, etc अजय भल्ला
246 ## - VARYING FORM OF TITLE
Title proper/short title Olympic /
Remainder of title by Ajay Bhalla
260 ## - PUBLICATION, DISTRIBUTION, ETC. (IMPRINT)
Place of publication, distribution, etc नई दिल्ली
Name of publisher, distributor, etc किताब घर
Date of publication, distribution, etc 1999
270 ## - ADDRESS
Address 24, अंसारी रोड, दरियागंज
City नई दिल्ली
Postal code 110002
300 ## - PHYSICAL DESCRIPTION
Extent 366पृ. : 316प.:
Dimensions 22सेमी(सजिल्द)
Other physical details सचित्र
650 ## - SUBJECT ADDED ENTRY--TOPICAL TERM
Topical term or geographic name as entry element ओलंपिक
9 (RLIN) 43698
650 ## - SUBJECT ADDED ENTRY--TOPICAL TERM
Topical term or geographic name as entry element ओलंपिक -- खेल
9 (RLIN) 1301
650 ## - SUBJECT ADDED ENTRY--TOPICAL TERM
Topical term or geographic name as entry element Olympic
9 (RLIN) 25391
650 ## - SUBJECT ADDED ENTRY--TOPICAL TERM
Topical term or geographic name as entry element Olympic -- Games
9 (RLIN) 25344
942 ## - ADDED ENTRY ELEMENTS (KOHA)
Source of classification or shelving scheme Dewey Decimal Classification
Koha item type Hindi Books
Classification part 796.48
Call number suffix भल्ला
Holdings
Withdrawn status Lost status Damaged status Not for loan Collection code Home library Current library Date acquired Source of acquisition Cost, normal purchase price Total Checkouts Full call number Barcode Date last seen Copy number Cost, replacement price Price effective from Koha item type Source of classification or shelving scheme
      Not For Loan Reference Central Library Central Library 04/08/2015 Cen Lib/Ret 200.00   796.48 भल्ला A-983740 04/08/2015 1 200.00 04/08/2015 Hindi Books  
        Non-fiction Shahdara Branch Shahdara Branch 01/03/2019 BPPD/PUB 125.00   796.48 भल्ला A-672554 01/03/2019   125.00 01/03/2019 Hindi Books Dewey Decimal Classification
        Non-fiction Shahdara Branch Shahdara Branch 01/03/2019 BPPD/PUB 200.00   796.48 भल्ला A-983746 01/03/2019   200.00 01/03/2019 Hindi Books Dewey Decimal Classification

© Delhi Public Library
Hit Counter
free hit counter